Komparácia prístupu výrobných družstiev k marketingu v Slovenskej republike a v Českej republike dizertačná práca
Saved in:
| Main Author: | |
|---|---|
| Corporate Author: | |
| Other Authors: | |
| Format: | Book |
| Language: | Slovak |
| Published: |
Bratislava
2018
|
| Subjects: | |
| Tags: |
No Tags, Be the first to tag this record!
|
MARC
| LEADER | 00000nbm a2200000 4500 | ||
|---|---|---|---|
| 001 | 0247719 | ||
| 005 | 20230227104325.4 | ||
| 041 | 0 | |a slo | |
| 044 | |a SK | ||
| 245 | 1 | 0 | |a Komparácia prístupu výrobných družstiev k marketingu v Slovenskej republike a v Českej republike |b dizertačná práca |c Adam Bartoš ; školiteľ: Nora Grisáková |
| 264 | 1 | |a Bratislava |c 2018 | |
| 300 | |a 148 s. | ||
| 610 | 2 | 0 | |a družstvá výrobné |
| 610 | 2 | 0 | |a družstevníctvo |
| 610 | 2 | 0 | |a nástroje marketingové |
| 610 | 2 | 0 | |a internet |
| 610 | 2 | 0 | |a spolupráca medzinárodná |
| 610 | 2 | 0 | |a Slovensko |
| 610 | 2 | 0 | |a Česko |
| 100 | 1 | |a Bartoš, Adam | |
| 700 | 1 | |a Grisáková, Nora, 1978- | |
| 710 | 2 | |a Fakulta podnikového manažmentu EU. Katedra podnikovohospodárska | |